000 00337nam a2200145 a 4500
003 MO
005 20170315093311.0
008 100918s19uu xx 00 eng d
050 _aTR
_bM18 1966
100 _aMachiavelli, Niccolo
245 _aThe prince.
260 _aNew York :
_bBantam,
_c1966.
942 _2ddc
_cBK
999 _c111393
_d111393